000 00603nam a2200241 a 4500
001 nice12345678
003 IN_TiNIC
005 20260116011403.0
008 050524s1933 laha grp 000 0 eng
020 _a
_c100
082 0 0 _a297.0954
_bSMI
100 _aSmith Wilfred, Cantwell
245 _aModern Islam in India
_b a Social Analysis.
260 _aLahore
_bMinerva Book Shop
_c1933
300 _a399p.
500 _aincludes index and biblioraphy
505 2 _aIndex
650 _aIslam-India
700 1 _aSmith Wilfred, Cantwell
902 _bRHR
942 _cBK
999 _c1088
_d1088